| 000 | 00368nam a2200157Ia 4500 | ||
|---|---|---|---|
| 005 | 20250423095910.0 | ||
| 008 | 250422s9999 xx 000 0 und d | ||
| 020 | _a1- 861005- 20- 2 | ||
| 050 | _aQA 76.73.J387/ | ||
| 100 | _aMohammad Akif | ||
| 245 | 0 | _aJava XML programmer's reference | |
| 260 | _bWrox press | ||
| 260 | _c2001 | ||
| 300 | _a837 p | ||
| 942 | _cBK | ||
| 999 |
_c31668 _d31668 |
||